000 00389pam a2200145a 44500
008 230405s1995 xxu||||| |||| 00| 0 eng d
041 _aENG
100 _aDr DESAI S S
245 _aNIRALIS TEXT BOOK OF AGRI-BUSINESSMANAGEMENT
250 _a1 Ed.
260 _aPUNE
_bNIRALI PRAKASHAN
_c1995
440 _aFRINDA BOOK CENTREL, PUNE, B-3633
700 _aBHALERAO NIRMAL
906 _a972
999 _c289850
_d289850